| 000 -LEADER |
| fixed length control field |
00498nam a22001937a 4500 |
| 008 - FIXED-LENGTH DATA ELEMENTS--GENERAL INFORMATION |
| fixed length control field |
131129b xxu||||| |||| 00| 0 eng d |
| 020 ## - INTERNATIONAL STANDARD BOOK NUMBER |
| International Standard Book Number |
9290971568 |
| 041 0# - LANGUAGE CODE |
| Language code of text/sound track or separate title |
eng |
| 080 ## - UNIVERSAL DECIMAL CLASSIFICATION NUMBER |
| Universal Decimal Classification number |
347 |
| Common auxiliary subdivision |
(083.74) |
| 110 ## - |
| -- |
CEN |
| 243 ## - COLLECTIVE UNIFORM TITLE |
| Unifor title |
<a href="CEN">CEN</a> |
| 245 00 - TITLE STATEMENT |
| Title |
National procedures for the implementation of European Standards / |
| 250 ## - |
| -- |
second edition |
| 260 ## - |
| -- |
1992. |
| 300 ## - |
| -- |
67 f. : |
| -- |
30 cm. |
| 500 ## - |
| -- |
Preface : f. III |
| 650 #0 - |
| -- |
E drejta civile |
| -- |
Standarde |
| -- |
Europa |
| 942 ## - ADDED ENTRY ELEMENTS (KOHA) |
| Source of classification or shelving scheme |
|
| Item type |
Books |